000 00656nam a2200241 a 4500
001 BRCA_7373
005 20190320205819.0
008 070313s1954----mx-a######---#000-0#spa-#
041 _aspa
044 _amx
050 4 _aNA753
_b.G36 1954
100 1 _aGante, Pablo C. de
_911406
245 1 0 _aLa arquitectura de México en el siglo XVI
_cPablo C. de Gante.
250 _a2
260 _aMéxico
_bPorrúa
_c1954
300 _a328 p.
_bil., 249 láminas
500 _aVer también D6 y E30 (1a ed.)
500 _aQ69
650 1 4 _aArquitectura
_xHistoria
_zMéxico
_9639
650 1 4 _aArquitectura colonial
_97560
902 _aGFM
942 _2lcc
_cB
999 _c7049
_d7049